Obce a mestá budú finančne nezávislé

Celkový výnos dane z príjmov fyzických osôb temer celý v prospech samosprávy. Daň z motorových vozidiel pre VUC. Príjmy samosprávy na Slovensku na roky 2005 - 2007. Daň ako vlastný príjem samosprávy. Uvoľnenie sadzby miestnych daní, prechod na trhové ocenenie nehnuteľností a veľkostný koeficient pr...

Descrizione completa

Salvato in:
Dettagli Bibliografici
Autore principale: Jančík, Ľuboš
Natura: Capitolo di libro
Lingua:slovacco
Soggetti:
Tags: Aggiungi Tag
Nessun Tag, puoi essere il primo ad aggiungerne!!

MARC

LEADER 00000naa$a2200000$$$4500
001 0019193
005 20231004124607.4
041 0 |a slo 
044 |a SK 
245 1 0 |a Obce a mestá budú finančne nezávislé  |c Ľuboš Jančík 
520 |a Celkový výnos dane z príjmov fyzických osôb temer celý v prospech samosprávy. Daň z motorových vozidiel pre VUC. Príjmy samosprávy na Slovensku na roky 2005 - 2007. Daň ako vlastný príjem samosprávy. Uvoľnenie sadzby miestnych daní, prechod na trhové ocenenie nehnuteľností a veľkostný koeficient pri delení výnosu dane z príjmov fyzických osôb zabezpečí zvýšenie príjmov mestských rozpočtov. Koniec dotovania mestskej hromadnej dopravy. 
610 2 0 |a samospráva miestna 
610 2 0 |a samospráva regionálna 
610 2 0 |a dane cestné 
610 2 0 |a dane z nehnuteľností 
610 2 0 |a dane z príjmov 
610 2 0 |a vyššie územné celky 
610 2 0 |a Slovensko 
610 2 0 |a decentralizácia 
610 2 0 |a rozpočty verejné 
100 1 |a Jančík, Ľuboš